<?xml version='1.0' encoding='UTF-8'?>
  <record xmlns="http://www.loc.gov/MARC21/slim">
    <leader>00000ctm a22000007i 4500</leader>
    <controlfield tag="001">ocn965420492</controlfield>
    <controlfield tag="003">OCoLC</controlfield>
    <controlfield tag="005">20251002151659.2</controlfield>
    <controlfield tag="008">150311q1497    ne            000 0 dum d</controlfield>
    <datafield tag="040" ind1=" " ind2=" ">
      <subfield code="a">QGJ</subfield>
      <subfield code="b">dut</subfield>
      <subfield code="c">QGJ</subfield>
      <subfield code="d">OCLCL</subfield>
      <subfield code="d">OCLCQ</subfield>
    </datafield>
    <datafield tag="035" ind1=" " ind2=" ">
      <subfield code="a">(OCoLC)965420492</subfield>
    </datafield>
    <datafield tag="041" ind1="1" ind2=" ">
      <subfield code="a">dum</subfield>
      <subfield code="h">lat</subfield>
    </datafield>
    <datafield tag="100" ind1="0" ind2=" ">
      <subfield code="a">Johannes Cassianus,</subfield>
      <subfield code="d">ca. 370-ca. 435.</subfield>
    </datafield>
    <datafield tag="245" ind1="1" ind2="0">
      <subfield code="a">Collationes patrum /</subfield>
      <subfield code="c">Johannes Cassianus.</subfield>
      <subfield code="f">UBU Hs. 1015 (Hs 5 E 17).</subfield>
    </datafield>
    <datafield tag="246" ind1="3" ind2=" ">
      <subfield code="a">Die collaciën der ouden vaders, collacie 1-12</subfield>
    </datafield>
    <datafield tag="260" ind1=" " ind2=" ">
      <subfield code="a">[S.l.],</subfield>
      <subfield code="c">1497.</subfield>
    </datafield>
    <datafield tag="300" ind1=" " ind2=" ">
      <subfield code="a">191 fols. ;</subfield>
      <subfield code="c">211 x 145 mm.</subfield>
    </datafield>
    <datafield tag="336" ind1=" " ind2=" ">
      <subfield code="a">text</subfield>
      <subfield code="b">txt</subfield>
      <subfield code="2">rdacontent</subfield>
    </datafield>
    <datafield tag="337" ind1=" " ind2=" ">
      <subfield code="a">unmediated</subfield>
      <subfield code="b">n</subfield>
      <subfield code="2">rdamedia</subfield>
    </datafield>
    <datafield tag="338" ind1=" " ind2=" ">
      <subfield code="a">volume</subfield>
      <subfield code="b">nc</subfield>
      <subfield code="2">rdacarrier</subfield>
    </datafield>
    <datafield tag="340" ind1=" " ind2=" ">
      <subfield code="a">paper</subfield>
      <subfield code="k">1 column, 27-28 lines, littera hybrida.</subfield>
    </datafield>
    <datafield tag="500" ind1=" " ind2=" ">
      <subfield code="a">Preliminary title.</subfield>
    </datafield>
    <datafield tag="524" ind1=" " ind2=" ">
      <subfield code="a">Cite as: Universiteitsbibliotheek Utrecht Hs. 1015 (Hs 5 E 17).</subfield>
    </datafield>
    <datafield tag="581" ind1=" " ind2=" ">
      <subfield code="a">P.A. Tiele, Catalogus codicum manu scriptorum Bibliothecae Universitatis Rheno-Trajectinae. I. Trajecti ad Rhenum / Hagae Comitis 1887. P. 246.</subfield>
    </datafield>
    <datafield tag="581" ind1=" " ind2=" ">
      <subfield code="a">Tentoonstelling van Middelnederlandse handschriften uit beide Limburgen. Tent. cat. Provinciale Bibliotheek. Hasselt 1954. Nr. 40 (zie: {Scriptorium} 9 (1955), p. 125).</subfield>
    </datafield>
    <datafield tag="581" ind1=" " ind2=" ">
      <subfield code="a">J. Deschamps, 'Handschriften uit het Sint-Agnes-klooster te Maaseik', in: Album Dr. M. Bussels. Hasselt 1967. P. 183 nr. 37.</subfield>
    </datafield>
    <datafield tag="581" ind1=" " ind2=" ">
      <subfield code="a">J. Deschamps, Middelnederlandse handschriften uit Europese en Amerikaanse bibliotheken. Tentoonstelling ter gelegenheid van het honderdjarig bestaan van de Koninklijke Zuidnederlandse Maatschappij voor Taal- en Letterkunde en Geschiedenis. Leiden 1972. Tweede herziene druk. P. 212, 229.</subfield>
    </datafield>
    <datafield tag="581" ind1=" " ind2=" ">
      <subfield code="a">J.M.M. Hermans, 'Elf kisten boeken uit het gouvernementsgebouw te Maastricht. Lotgevallen van de Limburgse handschriften en oude drukken, gevonden in 1839', in: Miscellanea Neerlandica. Opstellen voor Dr. Jan Deschamps ter gelegenheid van zijn zeventigste verjaardag, I. Onder red. van E. Cockx-Indestege &amp; F. Hendrickx. Leuven 1987. P. 119-120, 122-123, 133.</subfield>
    </datafield>
    <datafield tag="581" ind1=" " ind2=" ">
      <subfield code="a">K. Stooker &amp; Th. Verbeij, Collecties op orde. Middelnederlandse handschriften uit kloosters en semi-religieuze gemeenschappen in de Nederlanden. 2 dln. Leuven 1997. (= Miscellanea Neerlandica 16). I, p. 157, 219, 299; II, p. 286 nr. 859.</subfield>
    </datafield>
    <datafield tag="581" ind1=" " ind2=" ">
      <subfield code="a">W. van Dijk, Handschriften bij de Hepperpoort. Omvang en doel van de schrijfactiviteiten van de eerste kopiiste van het Sint-Agnesklooster te Maaseik. Doctoraalscriptie Leiden. Hazerswoude-Rijndijk 2004. P. 58, 93.</subfield>
    </datafield>
    <datafield tag="581" ind1=" " ind2=" ">
      <subfield code="a">The surviving manuscripts and incunables from medieval Belgian libraries. Brussel 2009 (= Corpus catalogorum Belgii. The medieval booklists of the southern Low Countries 7). P. 249 nr. 3294.</subfield>
    </datafield>
    <datafield tag="655" ind1=" " ind2="7">
      <subfield code="a">Handschriften (vorm)</subfield>
      <subfield code="0">088143309</subfield>
      <subfield code="2">gtt</subfield>
    </datafield>
    <datafield tag="710" ind1="2" ind2=" ">
      <subfield code="a">Klooster der Reguliere zusters van S. Agneta (Maaseik),</subfield>
      <subfield code="e">former owner.</subfield>
      <subfield code="4">fmo</subfield>
      <subfield code="5">NL-UtRU</subfield>
    </datafield>
    <datafield tag="710" ind1="2" ind2=" ">
      <subfield code="a">Gouvernementsgebouw (Maastricht)</subfield>
      <subfield code="e">former owner.</subfield>
      <subfield code="4">fmo</subfield>
      <subfield code="5">NL-UtRU</subfield>
    </datafield>
    <datafield tag="758" ind1=" " ind2=" ">
      <subfield code="a">UBU Hs. 1015 (Hs 5 E 17) Collationes patrum (Text)</subfield>
      <subfield code="1">https://id.oclc.org/worldcat/entity/E39PD3mVf9xpkcwYF7r8DXHGbH</subfield>
      <subfield code="4">https://id.oclc.org/worldcat/ontology/hasWork</subfield>
    </datafield>
    <datafield tag="856" ind1="4" ind2="1">
      <subfield code="u">http://objects.library.uu.nl/reader/resolver.php?obj=002653447&amp;type=2</subfield>
      <subfield code="x">Online</subfield>
      <subfield code="z">Full text</subfield>
    </datafield>
    <datafield tag="936" ind1=" " ind2=" ">
      <subfield code="a">BATCHLOAD</subfield>
    </datafield>
  </record>